000 00681nam a22001697a 4500
008 160803b xxu||||| |||| 00| 0 eng d
020 _a9966-08-955-1
050 _aBX2410.W35 2015
100 _aWakahiu Jane ,Gichure Peter I. and Njageh, Ann Rita K.
_924506
245 _aVoices of courage
_b: historical, socio-cultural and educational journeys of women religious in East and Central Africa
_c/Jane Wakahiu, Peter I. Gichure and Ann Rita K.Njageh
260 _aNairobi
_bPaulines
_c2015
300 _a464p.;
_c21cm.
650 _aNuns
_zAfrica, East
_924507
650 _aNuns
_zAfrica, Central
_924508
650 _aWomen
_xReligious life
_zAfrica
_924509
942 _2lcc
_cMONOGRAPH
999 _c124818
_d124818